MARC details
| 000 -LEADER |
| fixed length control field |
02277cas a2200577 a 4500 |
| 001 - CONTROL NUMBER |
| control field |
11157732 |
| 003 - CONTROL NUMBER IDENTIFIER |
| control field |
BDDh-ASL |
| 005 - DATE AND TIME OF LATEST TRANSACTION |
| control field |
20231015030243.0 |
| 008 - FIXED-LENGTH DATA ELEMENTS--GENERAL INFORMATION |
| fixed length control field |
751101u1964uuuupk ar f0 a0eng c |
| 010 ## - LIBRARY OF CONGRESS CONTROL NUMBER |
| LC control number |
sa 65009303 |
| Canceled/invalid LC control number |
sn 91010020 |
| 015 ## - NATIONAL BIBLIOGRAPHY NUMBER |
| National bibliography number |
011817275 |
| Source |
dnb |
| 016 7# - NATIONAL BIBLIOGRAPHIC AGENCY CONTROL NUMBER |
| Record control number |
011817275 |
| Source |
DE-101 |
| 016 7# - NATIONAL BIBLIOGRAPHIC AGENCY CONTROL NUMBER |
| Record control number |
300616-5 |
| Source |
DE-600 |
| 016 7# - NATIONAL BIBLIOGRAPHIC AGENCY CONTROL NUMBER |
| Record control number |
008631971 |
| Source |
Uk |
| 016 7# - NATIONAL BIBLIOGRAPHIC AGENCY CONTROL NUMBER |
| Record control number |
002750654 |
| Source |
Uk |
| 022 ## - INTERNATIONAL STANDARD SERIAL NUMBER |
| International Standard Serial Number |
0078-7868 |
| ISSN-L |
0078-7868 |
| 025 ## - OVERSEAS ACQUISITION NUMBER |
| Overseas acquisition number |
PL480: P-E-737 |
| 035 ## - SYSTEM CONTROL NUMBER |
| System control number |
(OCoLC)ocm01761742 |
| 040 ## - CATALOGING SOURCE |
| Original cataloging agency |
MUL |
| Language of cataloging |
eng |
| Transcribing agency |
MUL |
| Modifying agency |
YUS |
| -- |
COO |
| -- |
NYG |
| -- |
IUL |
| -- |
NST |
| -- |
IUL |
| -- |
CRL |
| -- |
DLC |
| -- |
SYS |
| -- |
OCLCQ |
| -- |
HEBIS |
| -- |
GBVCP |
| -- |
UKMGB |
| -- |
OCLCQ |
| -- |
OCLCF |
| -- |
OCLCO |
| -- |
IAD |
| -- |
DLC |
| -- |
DEBBG |
| -- |
DLC |
| -- |
BDDh-ASL |
| 042 ## - AUTHENTICATION CODE |
| Authentication code |
pcc |
| -- |
premarc |
| 043 ## - GEOGRAPHIC AREA CODE |
| Geographic area code |
a-pk--- |
| 050 00 - LIBRARY OF CONGRESS CALL NUMBER |
| Classification number |
DS378 |
| Item number |
.P3 |
| 082 04 - DEWEY DECIMAL CLASSIFICATION NUMBER |
| Classification number |
930.15491 |
| Edition number |
PAK |
| 222 #0 - KEY TITLE |
| Key title |
Pakistan archaeology |
| 245 00 - TITLE STATEMENT |
| Title |
Pakistan archaeology / |
| Statement of responsibility, etc. |
Dept. of Archaeology, Ministry of Education, Pakistan. |
| 260 ## - PUBLICATION, DISTRIBUTION, ETC. |
| Place of publication, distribution, etc. |
Karachi : |
| Name of publisher, distributor, etc. |
The Department, |
| Date of publication, distribution, etc. |
[1964]- |
| 300 ## - PHYSICAL DESCRIPTION |
| Extent |
volumes : |
| Other physical details |
illustrations, maps ; |
| Dimensions |
27 cm |
| 310 ## - CURRENT PUBLICATION FREQUENCY |
| Current publication frequency |
Annual |
| 336 ## - CONTENT TYPE |
| Content type term |
text |
| Content type code |
txt |
| Source |
rdacontent |
| 337 ## - MEDIA TYPE |
| Media type term |
unmediated |
| Media type code |
n |
| Source |
rdamedia |
| 338 ## - CARRIER TYPE |
| Carrier type term |
volume |
| Carrier type code |
nc |
| Source |
rdacarrier |
| 362 0# - DATES OF PUBLICATION AND/OR SEQUENTIAL DESIGNATION |
| Dates of publication and/or sequential designation |
No. 1 (1964)- |
| 515 ## - NUMBERING PECULIARITIES NOTE |
| Numbering peculiarities note |
Resumed publication with No. 30, 2015. |
| 530 ## - ADDITIONAL PHYSICAL FORM AVAILABLE NOTE |
| Additional physical form available note |
Also issued online. |
| 550 ## - ISSUING BODY NOTE |
| Issuing body note |
Issued 1964-69 by Dept. of Archaeology; 1970/71- by Dept. of Archaeology and Museums. |
| 550 ## - ISSUING BODY NOTE |
| Issuing body note |
Issues from 2015- published from Islamabad by Department of Archaeology and Museums, MInistry of Information, Broadcasting & National Heritage. |
| 588 ## - SOURCE OF DESCRIPTION NOTE |
| Source of description note |
Latest issue consulted: Number 30 (2015). |
| 650 #7 - SUBJECT ADDED ENTRY--TOPICAL TERM |
| Topical term or geographic name entry element |
Antiquities. |
| Source of heading or term |
fast |
| Authority record control number or standard number |
(OCoLC)fst00810745 |
| 651 #0 - SUBJECT ADDED ENTRY--GEOGRAPHIC NAME |
| Geographic name |
Pakistan |
| General subdivision |
Antiquities |
| Form subdivision |
Periodicals. |
| 651 #7 - SUBJECT ADDED ENTRY--GEOGRAPHIC NAME |
| Geographic name |
Pakistan. |
| Source of heading or term |
fast |
| Authority record control number or standard number |
(OCoLC)fst01210275 |
| 655 #7 - INDEX TERM--GENRE/FORM |
| Genre/form data or focus term |
Periodicals. |
| Source of term |
fast |
| Authority record control number or standard number |
(OCoLC)fst01411641 |
| 710 1# - ADDED ENTRY--CORPORATE NAME |
| Corporate name or jurisdiction name as entry element |
Pakistan. |
| Subordinate unit |
Department of Archaeology. |
| 710 1# - ADDED ENTRY--CORPORATE NAME |
| Corporate name or jurisdiction name as entry element |
Pakistan. |
| Subordinate unit |
Department of Archaeology & Museums. |
| 776 08 - ADDITIONAL PHYSICAL FORM ENTRY |
| Relationship information |
Online version: |
| Title |
Pakistan archaeology |
| Record control number |
(OCoLC)567953287 |
| 906 ## - LOCAL DATA ELEMENT F, LDF (RLIN) |
| a |
7 |
| b |
cbc |
| c |
serials |
| d |
u |
| e |
ncip |
| f |
19 |
| g |
n-oclcserc |
| 942 ## - ADDED ENTRY ELEMENTS (KOHA) |
| Source of classification or shelving scheme |
Dewey Decimal Classification |
| Koha item type |
Books |